Automation,Production Systems,and Computer-Integrated Manufacturing (Record no. 18412)

MARC details
000 -LEADER
fixed length control field 00473nam a22001817a 4500
005 - DATE AND TIME OF LATEST TRANSACTION
control field 20230523161004.0
008 - FIXED-LENGTH DATA ELEMENTS--GENERAL INFORMATION
fixed length control field 230523b |||||||| |||| 00| 0 eng d
020 ## - INTERNATIONAL STANDARD BOOK NUMBER
ISBN 8131702278
082 ## - DEWEY DECIMAL CLASSIFICATION NUMBER
Classification number 670.427
Item number GRO-A
100 ## - MAIN ENTRY--AUTHOR
Author Name Broover;Mikell.P
245 ## - TITLE STATEMENT
Title Automation,Production Systems,and Computer-Integrated Manufacturing
250 ## - EDITION STATEMENT
Edition statement 2nd.ed
260 ## - PUBLICATION, DISTRIBUTION, ETC.
Place of Publication India
Name of publisher, distributor, etc. Pearsons
Date of publication, distribution, etc. 2007
300 ## - PHYSICAL DESCRIPTION
Pages 872
650 ## - SUBJECT ADDED ENTRY--TOPICAL TERM
Subject / Department Engineering
700 ## - ADDED ENTRY--PERSONAL NAME
Personal name Mikell,P.Groover
952 ## - LOCATION AND ITEM INFORMATION (KOHA)
-- 0
-- 0
952 ## - LOCATION AND ITEM INFORMATION (KOHA)
-- 0
-- 0
952 ## - LOCATION AND ITEM INFORMATION (KOHA)
-- 0
-- 0
Holdings
Lost status Damaged status Permanent Location Current Location Shelving Location Date acquired Full Call Number Accession No./Barcode Date last seen Copy number item type
    Superior Information Resource Center (SIRC) Superior University- Main Campus Superior Information Resource Center (SIRC) Superior University- Main Campus Engineering 05/23/2023 670.427 GRO-A 2007 15638 05/23/2023 1 BOOK
    Superior Information Resource Center (SIRC) Superior University- Main Campus Superior Information Resource Center (SIRC) Superior University- Main Campus Engineering 05/23/2023 670.427 GRO-A 2007 15639 05/23/2023 2 BOOK
    Superior Information Resource Center (SIRC) Superior University- Main Campus Superior Information Resource Center (SIRC) Superior University- Main Campus Engineering 05/23/2023 670.427 GRO-A 2007 15640 05/23/2023 3 BOOK

Powered by Koha